| 000 | 01177cam a2200229 4500 | ||
|---|---|---|---|
| 001 | WB3709-10 | ||
| 008 | 000000n2001 000 0 eng u | ||
| 035 | _a(Sirsi) u111192 | ||
| 245 | _aRICS announces University Partnership Review Board | ||
| 260 | _c2001 | ||
| 490 |
_aRICS Press Release _v(pr028) 27 February 2001, (5) |
||
| 520 | _aThe RICS has published details of the board which will, at the request of the university or college concerned, review whether or not the RICS selection criteria for partnership status have been accurately applied by the RICS Partnership and Accreditation Board. The University Partnership Review Board will be chaired by Dr Martin Gaskell, Principal of University College Northampton, the other members being Michael Finn FRICS and Dr Liz Jones, a member of the Quality Assurance Agency university visiting panels. | ||
| 590 | _aWB | ||
| 650 | _aACCREDITED COURSES | ||
| 650 | _aACCREDITED DEGREES | ||
| 650 | _aRICS | ||
| 650 | _aRICS PARTNERSHIP AND ACCREDITATION BOARD | ||
| 650 | _aRICS UNIVERSITY PARTNERSHIP REVIEW BOARD | ||
| 650 | _aUNIVERSITY PARTNERSHIPS | ||
| 690 | _aCAREERS, EDUCATION AND TRAINING | ||
| 942 | _n0 | ||
| 999 |
_c66242 _d66242 |
||